| 000 | 00639nam a2200217 4500 | ||
|---|---|---|---|
| 001 | 109458 | ||
| 003 | ES-MaACL | ||
| 005 | 20230906184839.0 | ||
| 007 | t| | ||
| 008 | 061121s1958 sp r ||||1| spa d | ||
| 100 | 1 |
_aMitchell, Mairin. _981679 |
|
| 245 | 1 | 3 |
_aLa odisea de Acurio / _cMairin Mitchell; Versión española de Eliseo García. |
| 250 | _a1ª ed. | ||
| 260 |
_aBarcelona : _bLuis de Caralt, _c1958. |
||
| 300 |
_a322 p. ; _c20 cm. |
||
| 490 | 1 | _aLa Novela histórica | |
| 700 | 1 |
_aGarcía, Eliseo. _954016 |
|
| 830 | 0 |
_aLa Novela histórica _9182621 |
|
| 852 |
_aES-MaACL _jC-16019 _bR.43659 |
||
| 999 |
_c109458 _d109458 |
||